[Event "Sanjin Hotel Cup 2nd"]
[Site "Tiayuan"]
[Date "2005.07.15"]
[Round "7"]
[White "Zhang, Pengxiang"]
[Black "Wang, Yue"]
[Result "1/2-1/2"]
[WhiteElo "2616"]
[BlackElo "2576"]
[Annotator "Finkel,A"]
[PlyCount "80"]
[EventDate "2005.07.09"]
[EventType "tourn"]
[EventRounds "11"]
[EventCountry "CHN"]
[EventCategory "15"]
[SourceTitle "CBM 108"]
[Source "ChessBase"]
[SourceDate "2005.09.26"]
[SourceVersion "1"]
[SourceVersionDate "2005.09.26"]
[SourceQuality "1"]

1. e4 c5 2. Nf3 Nc6 3. Nc3 Nf6 4. Bb5 Qc7 5. O-O Nd4 6. Nxd4 (6. Re1) (6. Bc4
e6 7. h3 a6 8. a4 Be7 9. d3 O-O 10. Nxd4 cxd4 11. Ne2 Nxe4 12. Nxd4 Nf6 $11 {
Brajovic,R-Knezevic,B/Vrnjacka Banja 1998}) (6. Ba4 e6 7. d3 a6 8. Nxd4 cxd4 9.
Ne2 b5 10. Bb3 Bc5 11. h3 Bb7 12. Bf4 d6 13. Bh2 $14 {Svetushkin,D-Brajovic,R/
Bucharest 1999}) (6. Bd3 $5 Nxf3+ 7. Qxf3 e6 8. Re1 d6 9. b3 a6 10. Bb2 b5 11.
Nd5 Nxd5 12. exd5 Bb7 13. a4 $14 {Svidler,P-Kramnik,V/Internet ICC 1999}) 6...
cxd4 7. Nd5 (7. Ne2 $6 Nxe4 8. Nxd4 e6 9. Re1 Nf6 10. Nf3 Be7 11. d4 O-O 12.
Bg5 d6 13. Bd3 b6 14. c4 Bb7 $13 {Sprenger,J-Lindinger,M/Hamburg 2003}) 7...
Nxd5 8. exd5 Qc5 (8... a6 9. Ba4 (9. Be2 g6 10. c4 Bg7 11. d3 O-O 12. Bg5 d6
13. Qd2 e5 14. dxe6 fxe6 15. Bg4 $13 {Guidarelli,L-Lautier,J/Aix les Bains 2003
}) 9... g6 10. d3 Bg7 (10... b5 11. Bb3 Bg7 $2 12. d6 $1 $16 {Benjamin,
J-Nakamura,H/New York 2004}) 11. Bg5 b5 12. Bb3 e6 13. c4 dxc3 14. bxc3 O-O 15.
Rc1 Bb7 16. c4 $14 {Teske,H-Souleidis,G/Germany 2003}) (8... g6 9. Re1 a6 10.
Ba4 Bg7 11. d3 h6 12. Qe2 Bf6 13. Qf3 Kf8 14. Bd2 d6 $13 {Laznicka,V-Zezulkin,
J/Czechia 2004}) 9. c4 (9. Qe2 $6 Qxd5 10. c4 Qf5 11. b4 e6 12. Bb2 Bxb4 13.
Bxd4 O-O 14. Rab1 Bd6 $15 {Boudre,J-Godard,M/Meribel 1998}) 9... a6 (9... dxc3
10. Qb3 a6 11. Be2 c2 (11... e6 $6 12. dxc3 Bd6 13. Be3 Qc7 14. g3 b5 15. a4
$16 {Kryvoruchko,Y-Hamdouchi,H/Calvi 2005}) 12. d4 Qd6 13. Bf3 g6 14. Bd2 Qf6
15. d6 Qxd6 16. Rfe1 $36 {Anand,V-Leko,P/Linares 2003}) 10. b4 (10. Ba4 Qxc4 (
10... b5 11. Bb3 (11. cxb5 Bb7 12. Bb3 axb5 13. d3 e6 14. Qf3 Bd6 15. Qg4 Bxd5
16. Qxg7 O-O-O 17. Bxd5 Qxd5 $15 {Yarmysty,M-Kryvoruchko,Y/Lvov 2005}) 11...
bxc4 12. Qc2 Qxd5 13. Bxc4 Qc6 14. Qd3 Bb7 15. f3 Rc8 16. Bb3 e6 $17 {Bolacky,
J-Stehno,P/Czechia 2004}) 11. Bb3 Qc5 12. d3 Qd6 13. Qf3 Qf6 14. Qe4 d6 15. Re1
g6 16. Bf4 Bf5 17. Qf3 O-O-O $132 {Karim,I-Ribera Baztan,J/Mallorca 2004})
10... Qxb4 11. Ba4 g6 (11... b5 12. Bc2 $5 (12. cxb5 g6 13. d6 $5 (13. d3 Bg7
14. Bd2 Qd6 15. Bb3 axb5 16. Qe1 Qf6 17. Bb4 d6 18. a4 O-O $13 {Frolov,
D-Shariyazdanov,A/Tomsk 2004}) (13. b6 Bg7 14. d3 O-O 15. Bg5 Bb7 16. Re1 e6
17. dxe6 $13 {1/2-1/2 Ulibin,M-Avrukh,B/Biel 2003}) 13... Qxd6 14. Qf3 Rb8 15.
Ba3 Qb6 16. Qf4 e6 (16... axb5) 17. Qf6 Rg8 18. Bxf8 Rxf8 19. bxa6 $16 {
Rossi,C-Balogh,E/Cork 2005}) 12... bxc4 13. Rb1 Qd6 14. d3 cxd3 15. Qxd3 $36 {
1-0 Motylev,A-Parligras,M/Warsaw 2005 (21)}) 12. Bb3 (12. d3 b5 (12... Bg7 13.
Bd2 Qa3 14. Qc2 O-O 15. Rfb1 $5 (15. Rab1 b5 $1 16. Bb3 d6 17. Rfe1 Re8 18.
cxb5 axb5 19. Qc6 Bf5 20. Qxb5 Reb8 21. Qc4 Rc8 22. Qb5 Rab8 $17) 15... Qd6 16.
Ba5 $6 Bf6 17. Bb6 e6 $13 {Sjugirov,S-Khairullin,I/Kirishi 2005}) 13. Bb3 Bg7
14. Bd2 (14. a4 bxc4 15. Bxc4 d6 16. Re1 Qb7 17. Bg5 f6 18. Rb1 Qc7 19. Bd2 $44
{Gdanski,J-Dziuba,M/Dzwirzyno 2004}) 14... Qd6 15. Qe1 bxc4 16. Bb4 Qe5 17.
dxc4 a5 18. Bxa5 Qxe1 19. Bxe1 d6 $11 {Ulibin,M-Gagunashvili,M/Dubai 2003})
12... Bg7 13. a4 d6 14. Ba3 Qa5 15. Re1 Qc7 $6 {[%csl Rc7] This move is a
novelty, but not a very good one. The thing is in a view of forthcoming Rc1
followed by c5 black queen is better placed on d8, so it's clearly better to
put it there at the first place. However despite of this inaccuracy black
didn't experience any particular problems in the game!} (15... Qd8 16. c5 O-O
17. Rc1 Bf6 (17... dxc5 18. Bxc5 Re8 19. a5 Bf5 20. Qf3 Qxa5 21. Bxe7 Qxd2 22.
d6 $36 {Svidler,P-Van Wely,L/Monte Carlo 2005}) 18. Qf3 Bg5 $6 19. Qd3 dxc5 20.
Bxc5 Qa5 21. Bxe7 Qxd2 22. Rcd1 $16 {Predojevic,B-Timofeev,A/Sarajevo 2005})
16. Rc1 O-O 17. c5 Qd8 18. Qf3 (18. Qe2 $5 Bf6) 18... Bf5 19. g4 {This move is
a natural response to black's 18th move, but may be deserved attention 19.h3
not letting black a target to play against.} ({Nothing promised} 19. cxd6 exd6
20. Qg3 Be5 21. Rxe5 dxe5 22. Qxe5 (22. Bxf8 $6 Qxf8 23. Qxe5 $2 Qa3 $19) 22...
Re8 23. Qxd4 Rc8 24. Rf1 Re4 $15) 19... Bd7 20. cxd6 (20. h3 $5 dxc5 21. Bxc5
Rc8 $13 22. Bxe7 $140 $2 Rxc1 23. Bxd8 Rxe1+ 24. Kg2 Rxd8 $19) 20... exd6 21.
Qg3 Re8 (21... Be5 22. f4 Bg7 23. Bxd6 Re8 24. Be5 Qb6 $13) 22. Rxe8+ Qxe8 23.
Bxd6 Rc8 $1 (23... Bxa4 $6 24. Bxa4 Qxa4 25. Rc7 $1 {[%csl Rf7][%cal Gd5d8]}
Qe8 26. Qf4 Rd8 27. Re7 Qf8 28. Re6 Rxd6 (28... fxe6 29. Bxf8 Rxf8 30. Qc7 exd5
31. Qxb7 $16) 29. Rxd6 $16) 24. Rxc8 (24. Rb1 Qe2) 24... Qxc8 25. h3 Qc1+ $6 (
25... Qe8) 26. Kg2 Qxd2 27. Bc5 $1 $11 {[%cal Gg3b8]} Qe2 28. Qb8+ Be8 29. Bd1
(29. Qxb7 Qe4+ 30. Kg1 Qe1+ 31. Kg2 $11) 29... Qe5 30. Qxb7 (30. Bd6 Qxd5+ 31.
Bf3 Qe6 32. Bxb7 d3 $17) 30... Bf8 31. Bxf8 Kxf8 32. Qxa6 Qxd5+ 33. Bf3 Qd7 34.
a5 d3 35. Qb6 d2 36. Qb4+ Kg8 37. Qe4 Qb5 38. Qe2 d1=Q 39. Qxd1 Qxa5 40. Qd6
Qa4 1/2-1/2

[Event "Pamplona 9798 8th"]
[Site "Pamplona"]
[Date "1997.12.31"]
[Round "4"]
[White "Arizmendi Martinez, Julen Luis"]
[Black "San Segundo Carrillo, Pablo"]
[Result "1/2-1/2"]
[WhiteElo "2470"]
[BlackElo "2495"]
[Annotator "Finkel,A"]
[PlyCount "53"]
[EventDate "1997.12.28"]
[EventType "tourn"]
[EventRounds "9"]
[EventCountry "ESP"]
[EventCategory "13"]
[SourceTitle "CBM 063"]
[Source "ChessBase"]
[SourceDate "1998.03.26"]
[SourceVersion "1"]
[SourceVersionDate "1998.03.26"]
[SourceQuality "1"]

1. e4 {Finkel,A} c5 2. Nf3 Nc6 3. Bb5 e6 4. O-O Nge7 5. Re1 Nd4 6. Nxd4 cxd4 7.
Qh5 $5 $146 {Interesting idea,nevertheless promising nothing special to white.}
(7. c3) 7... a6 (7... g6 $2 8. Qe5 $1 $16) 8. Ba4 Nc6 9. Bxc6 bxc6 (9... dxc6
$5 10. d3 Be7 11. a4 {[%cal Ga4a5,Gb1d2,Gd2c4]} b6 12. Nd2 O-O $11 {[%cal
Gc6c5]}) 10. d3 d6 11. e5 $5 $36 (11. c3 dxc3 12. Nxc3 {[%cal Gd3d4]} c5 (12...
e5 13. Be3 Be7 14. d4 $14) 13. Bg5 Be7 14. Bxe7 Qxe7 15. Nd5 Qd8 $11) 11... g6
(11... d5 12. c3 (12. Bg5 Qb6 13. b3 Bb4 $11) 12... dxc3 (12... Bc5 $2 13. cxd4
Bxd4 14. Qg4 Qb6 15. Qxg7 Bxf2+ 16. Kf1 Rf8 17. Bh6 Bc5 18. Re2 Qb4 {[%cal
Gb4h4]} 19. Nd2 $18) 13. Nxc3 c5 14. Bf4 $14 {[%csl Re8][%cal Ga1c1]}) 12. Qf3
dxe5 (12... d5 13. c3 dxc3 14. Nxc3 $16 {[%csl Rc5,Rf6]}) 13. Bg5 $1 Be7 (13...
Qb6 14. Bf6 Rg8 15. Nd2 $16 {[%cal Gd2c4]}) 14. Qxc6+ (14. Bxe7 $5 Kxe7 15.
Rxe5 (15. Qxc6 Rb8 {[%cal Gd8d6]} 16. Rxe5 (16. Qc5+ Qd6 17. Qxd6+ Kxd6 18. Nd2
f6 $15) 16... Rxb2 17. Nd2 Kf6 $1 $15 {[%cal Gf6g7]}) 15... Rb8 16. b3 Qd6 (
16... f6 17. Rc5 (17. Re2 c5 $132 {[%cal Gc8b7]}) 17... Bd7 (17... Rb5 18. Qxc6
Bb7 (18... Qd6 19. Qxd6+ Kxd6 20. Rxb5 axb5 21. a4 $14) 19. Qc7+ Qxc7 20. Rxc7+
Kd6 21. Rf7 $16 {[%cal Gb1a3,Ga3c4]}) (17... Bb7 18. b4 $1 $14 {[%csl Rb7]
[%cal Gb1d2,Gd2b3,Gd2c4]} (18. Nd2 Qb6 19. Qg3 $1 Rbd8 20. Ne4 Rd5 21. Qh4 Rf8
$13)) 18. c3 dxc3 19. Nxc3 $16 {[%cal Gd3d4]}) 17. Re1 c5 18. Nd2 Bb7 19. Ne4
Bxe4 $11) 14... Bd7 15. Bxe7 Bxc6 16. Bxd8 Kxd8 17. Rxe5 $14 Rb8 18. b3 Rb5 $1
{Forcing white to find the only way leading to advantage.} 19. Rxb5 $6 {
Missing very promising possibility} (19. Re2 $5 Rg5 20. g3 h5 $1 {[%cal Gh5h4]}
21. Nd2 h4 22. Ne4 (22. Rae1 hxg3 23. fxg3 Rxg3+ $1 24. hxg3 Rh1+ 25. Kf2 Rh2+
$11) 22... hxg3 23. fxg3 Rgh5 24. Rf1 $14) (19. f4 $1 Rxe5 $6 (19... Kd7 20.
Nd2 f6 21. Re2 g5 22. Ne4 $16) (19... g5 $5 {[%tqu "En","","","","c2c4","",10]}
20. c4 $1 dxc3 21. Nxc3 Rxe5 22. fxe5 $16) 20. fxe5 $16 {[%csl Rf7][%cal Gb1d2]
with good wining chanses.}) 19... axb5 $132 20. c4 (20. b4 Kd7 21. c4 (21. Nd2
Bd5 22. Nb3 Bxb3 23. cxb3 Rc8 24. a4 Rc3 $11) 21... dxc3 22. Nxc3 Rc8 {[%cal
Gc6g2]} 23. Rc1 Ra8 $11 {[%cal Ga8a3,Gc6d5]}) 20... dxc3 21. Nxc3 Kc7 $1 $11 {
[%cal Gb5b4]} 22. b4 Kb6 23. f3 {[%cal Gg1f2,Gf2e3]} Rd8 24. Rd1 Rc8 {[%cal
Gc6f3]} 25. Ne2 Ra8 26. Nc3 Rc8 27. Rc1 1/2-1/2

[Event "Sarajevo Bosnia 35th"]
[Site "Sarajevo"]
[Date "2005.05.22"]
[Round "4"]
[White "Movsesian, Sergei"]
[Black "Volokitin, Andrei"]
[Result "1-0"]
[WhiteElo "2628"]
[BlackElo "2679"]
[Annotator "Finkel,A"]
[PlyCount "68"]
[EventDate "2005.05.19"]
[EventType "tourn"]
[EventRounds "9"]
[EventCountry "BIH"]
[EventCategory "16"]
[SourceTitle "CBM 108"]
[Source "ChessBase"]
[SourceDate "2005.09.26"]
[SourceVersion "1"]
[SourceVersionDate "2005.09.26"]
[SourceQuality "1"]

1. e4 c5 2. Nf3 Nc6 3. Nc3 Nf6 4. Bb5 Qc7 5. O-O Nd4 6. Re1 {More solid
approach than fashionable} (6. Nxd4 cxd4 7. Nd5 Nxd5 8. exd5 Qc5 9. c4 {
with very complicated play.}) (6. d3 a6 7. Bc4 e6 8. Nxd4 cxd4 9. Ne2 Nxe4 10.
dxe4 Qxc4 11. Nxd4 e5 $13 {Anand,V-Ivanchuk,V/Moscow 2001}) 6... a6 (6... e5 7.
Bc4 Be7 8. d3 d6 9. Nd2 Bg4 10. f3 Be6 11. Nf1 Nd7 $2 12. Nd5 Bxd5 13. Bxd5 Nf6
14. Ne3 Nxd5 15. Nxd5 Qd8 16. f4 $16 {Volokitin,A-Gagunashvili,M/BCSA Open,
Batumi GEO 2003}) 7. Bf1 (7. Bc4 d6 8. Nd5 Nxd5 9. exd5 g6 10. Nxd4 cxd4 11. d3
h6 12. b4 Bg7 13. Qe2 Bf6 14. Qf3 Kf8 15. Bb2 Qb6 16. a3 $14 {Kasparov,G-Leko,
P/XX SuperGM, Linares ESP 2003}) (7. e5 Nxb5 8. exf6 Nxc3 9. fxg7 Bxg7 10. dxc3
d6 11. Ng5 Bf5 12. a4 Qc6 13. Qe2 Bf6 14. Ne4 Bxe4 15. Qxe4 Qxe4 16. Rxe4 d5 {
1/2-1/2 Anand,V-Kramnik,V/XX SuperGM, Linares ESP 2003 (16)}) 7... e5 (7... Ng4
{looks like worthy attempt to equalize.} 8. g3 Nxf3+ 9. Qxf3 Ne5 10. Qd1 e6 11.
f4 Nc6 12. e5 d5 13. exd6 Bxd6 14. Nd5 Qd8 15. Bg2 O-O 16. Ne3 $11 {Sutovsky,
E-McShane,L/11th Sigeman & Co, Malmoe SWE 2003}) 8. Bc4 (8. Nd5 Nxd5 9. exd5 d6
10. c3 Nxf3+ 11. Qxf3 Be7 12. d4 O-O 13. dxe5 $6 dxe5 14. Qg3 Bd6 15. c4 f5 16.
Bd2 Rf6 17. Qa3 a5 $15 {Sokolov,A-Lautier,J/Aix les Bains 2003}) (8. h3 Nxf3+
9. Qxf3 d6 10. a4 Be6 11. b3 Be7 12. Bc4 Qa5 13. Bb2 O-O 14. Re2 $2 (14. Qe2 $5
) 14... Bxc4 15. bxc4 Qb4 $15 {1/2-1/2 Ivanchuk,V-Kramnik,V/Amber Blindfold,
Monte Carlo MNC 2003 (61)}) (8. d3 Be7 9. Bg5 d6 10. Bxf6 Bxf6 11. Nxd4 cxd4
12. Nd5 Qd8 13. c3 dxc3 14. bxc3 Be6 15. Qb3 Rb8 16. a4 O-O $11 {Nevednichy,
V-Bauer,C/Bled 2002/EXT 2003}) 8... d6 {[%cal Gc8g4]} (8... Be7 9. d3 (9. a4
O-O 10. d3 d6 11. Nd2 Bg4 12. f3 Be6 13. Nf1 Nc6 14. Ne3 Nb4 15. Qe2 Rad8 16.
Ned5 Nbxd5 17. exd5 Bd7 $13 {Stojanovic,D-Zakic,S/Herceg Novi 2005}) 9... d6
10. h3 h6 11. Nd5 Nxd5 12. Bxd5 Nxf3+ 13. Qxf3 Bg5 14. c3 Qe7 15. Be3 $14 {
Brynell,S-Fries Nielsen,J/Sweden 2001}) 9. h3 (9. Ng5 Ne6 (9... h6 10. Nxf7 $5
Rh7 11. Nd5 Nxd5 12. c3 $1 Nf4 13. cxd4 Be6 14. Nxe5 dxe5 15. d5 b5 16. d4 $3
$36 {Dominguez,L-Radjabov,T/Tripoli 2004}) 10. d3 Be7 11. a4 O-O 12. Nxe6 Bxe6
13. f4 exf4 14. Bxf4 Nd7 15. a5 Bf6 $11 {Lukin,A-Mnatsakanian,E/Moscow 1983})
9... Be6 10. d3 b5 11. Bxe6 (11. Nxd4 cxd4 12. Bxe6 fxe6 13. Ne2 Be7 14. c3
dxc3 15. Nxc3 O-O 16. Qb3 Kf7 17. Bg5 Rab8 18. Rac1 Qd7 $13 {Manik,M-Parligras,
M/Mallorca 2004}) 11... fxe6 12. Nxd4 (12. a4 b4 13. Nxd4 cxd4 14. Na2 a5 15.
c3 bxc3 16. bxc3 Be7 17. cxd4 exd4 $13 {Oral,T-Kovalev,A/Czechia 2001}) 12...
exd4 $6 {This move seems to be an inaccuracy. More in the spirit of the
position is to capture with c-pawn not letting white to push f4-f5.} (12...
cxd4 $5 13. Ne2 Be7 14. c3 dxc3 15. Nxc3 O-O $11) 13. Ne2 Qf7 14. f4 Be7 15. f5
$1 exf5 (15... e5 16. g4 Nd7 17. g5 c4 (17... Qh5 $6 18. Ng3 $1 Qxh3 $140 $2
19. Kf2 $18 {[%csl Rh3][%cal Ge1h1]}) (17... h6 18. g6 Qf8 19. Rf1 Bf6 20. Ng3
$16) 18. Ng3 O-O 19. Rf1 d5 20. Qg4 $14) 16. exf5 {[%cal Ge2f4,Gf4e6]} Nd5 $8 {
Otherwise white knight would've penitrated to e6.} 17. Nf4 Nxf4 18. Bxf4 O-O (
18... Qxf5 $2 19. Bxd6 $18) 19. Bg3 $1 {Strangely enough black can't benefit
from attacking the pawn on f5.} Rae8 20. Rf1 Qd5 21. Qg4 Bf6 22. a4 $1 {
Taking care of the queenside.} b4 23. b3 Re3 24. Bf4 Rfe8 $5 {Probably
sacrificing an exchange is not such a bad idea since after} (24... Re7 25. Rae1
Rfe8 26. Rxe7 Rxe7 27. Rf2 {[%cal Gf2e2] all the endgames are pretty tough for
black.} Re1+ 28. Kh2 Re8 (28... Be5 $6 29. f6 $1 Bxf6 30. Qc8+ Kf7 31. Qxa6 $16
) 29. Re2 Rxe2 30. Qxe2 Kf8 (30... Be5 31. Bxe5 dxe5 32. g4 Kf8 33. Kg3 Ke7 34.
Qf3 $16) 31. g4 Kf7 32. Qg2 $16) 25. Bxe3 dxe3 26. Rae1 Qe5 $2 ({It was
necessary to play} 26... Qf7 $1 {not giving up the pawns that easily.} 27. Re2
(27. Qc4 $6 e2 28. Rf2 Bd4 29. Qxf7+ (29. g4 $2 d5 30. Qxa6 Qc7 $19) 29... Kxf7
30. g4 g6 31. fxg6+ Kxg6 32. Kg2 (32. h4 Rf8 33. Rexe2 Rf4 $11) 32... Bxf2 33.
Kxf2 Kg5 34. Rxe2 Rxe2+ 35. Kxe2 Kh4 36. Kf3 Kxh3 $11) 27... d5 28. Qf3 Qd7 29.
g4 d4 $14) 27. Qc4+ d5 28. Qxc5 Be7 29. Qc6 Bd6 30. Rf4 $1 $18 {May be black
overlooked this nice resourse playing 26...Qe5?} h5 (30... Rd8 31. g3 e2 32.
Kg2 $18) 31. d4 $1 {Now it's all over.} Qe7 (31... Qxf4 32. Qxe8+ Kh7 33. Qxh5+
Kg8 34. Qe8+ Kh7 35. Qxe3 $18) 32. Qxd5+ Kf8 33. Rf3 Qd8 34. Kf1 e2+ 1-0

[Event "Sarajevo Bosnia 35th"]
[Site "Sarajevo"]
[Date "2005.05.21"]
[Round "3"]
[White "Predojevic, Borki"]
[Black "Timofeev, Artyom"]
[Result "1-0"]
[WhiteElo "2549"]
[BlackElo "2622"]
[Annotator "Finkel,A"]
[PlyCount "64"]
[EventDate "2005.05.19"]
[EventType "tourn"]
[EventRounds "9"]
[EventCountry "BIH"]
[EventCategory "16"]
[SourceTitle "CBM 108"]
[Source "ChessBase"]
[SourceDate "2005.09.26"]
[SourceVersion "1"]
[SourceVersionDate "2005.09.26"]
[SourceQuality "1"]

1. e4 c5 2. Nf3 Nc6 3. Nc3 Nf6 4. Bb5 Qc7 {For some reason this variation has
become extremely popular lately.} 5. O-O Nd4 6. Nxd4 (6. Re1) (6. Bc4 e6 7. h3
a6 8. a4 Be7 9. d3 O-O 10. Nxd4 cxd4 11. Ne2 Nxe4 12. Nxd4 Nf6 $11 {Brajovic,
R-Knezevic,B/Vrnjacka Banja 1998}) (6. Ba4 e6 7. d3 a6 8. Nxd4 cxd4 9. Ne2 b5
10. Bb3 Bc5 11. h3 Bb7 12. Bf4 d6 13. Bh2 $14 {Svetushkin,D-Brajovic,R/
Bucharest 1999}) (6. Bd3 $5 Nxf3+ 7. Qxf3 e6 8. Re1 d6 9. b3 a6 10. Bb2 b5 11.
Nd5 Nxd5 12. exd5 Bb7 13. a4 $14 {Svidler,P-Kramnik,V/Internet ICC 1999}) 6...
cxd4 7. Nd5 (7. Ne2 $6 Nxe4 8. Nxd4 e6 9. Re1 Nf6 10. Nf3 Be7 11. d4 O-O 12.
Bg5 d6 13. Bd3 b6 14. c4 Bb7 $13 {Sprenger,J-Lindinger,M/Hamburg 2003}) 7...
Nxd5 8. exd5 Qc5 (8... a6 9. Ba4 (9. Be2 g6 10. c4 Bg7 11. d3 O-O 12. Bg5 d6
13. Qd2 e5 14. dxe6 fxe6 15. Bg4 $13 {Guidarelli,L-Lautier,J/Aix les Bains 2003
}) 9... g6 10. d3 Bg7 (10... b5 11. Bb3 Bg7 $2 12. d6 $1 $16 {Benjamin,
J-Nakamura,H/New York 2004}) 11. Bg5 b5 12. Bb3 e6 13. c4 dxc3 14. bxc3 O-O 15.
Rc1 Bb7 16. c4 $14 {Teske,H-Souleidis,G/Germany 2003}) (8... g6 9. Re1 a6 10.
Ba4 Bg7 11. d3 h6 12. Qe2 Bf6 13. Qf3 Kf8 14. Bd2 d6 $13 {Laznicka,V-Zezulkin,
J/Czechia 2004}) 9. c4 (9. Qe2 $6 Qxd5 10. c4 Qf5 11. b4 e6 12. Bb2 Bxb4 13.
Bxd4 O-O 14. Rab1 Bd6 $15 {Boudre,J-Godard,M/Meribel 1998}) 9... a6 (9... dxc3
10. Qb3 a6 11. Be2 c2 (11... e6 $6 12. dxc3 Bd6 13. Be3 Qc7 14. g3 b5 15. a4
$16 {Kryvoruchko,Y-Hamdouchi,H/Calvi 2005}) 12. d4 Qd6 13. Bf3 g6 14. Bd2 Qf6
15. d6 Qxd6 16. Rfe1 $36 {Anand,V-Leko,P/Linares 2003}) 10. b4 {This move is a
cornerstone of white's play. By sacrificing a pawn white gets strong
initiative, even though it seems that black has got sufficient counterchances
in the forthcoming play.} (10. Ba4 Qxc4 (10... b5 11. Bb3 (11. cxb5 Bb7 12. Bb3
axb5 13. d3 e6 14. Qf3 Bd6 15. Qg4 Bxd5 16. Qxg7 O-O-O 17. Bxd5 Qxd5 $15 {
Yarmysty,M-Kryvoruchko,Y/Lvov 2005}) 11... bxc4 12. Qc2 Qxd5 13. Bxc4 Qc6 14.
Qd3 Bb7 15. f3 Rc8 16. Bb3 e6 $17 {Bolacky,J-Stehno,P/Czechia 2004}) 11. Bb3
Qc5 12. d3 Qd6 13. Qf3 Qf6 14. Qe4 d6 15. Re1 g6 16. Bf4 Bf5 17. Qf3 O-O-O $132
{Karim,I-Ribera Baztan,J/Mallorca 2004}) 10... Qxb4 11. Ba4 g6 {This is an
only way for black to develop the bishop and provide a secure shelter to the
king.} (11... b5 12. Bc2 $5 (12. cxb5 g6 13. d6 $5 (13. d3 Bg7 14. Bd2 Qd6 15.
Bb3 axb5 16. Qe1 Qf6 17. Bb4 d6 18. a4 O-O $13 {Frolov,D-Shariyazdanov,A/Tomsk
2004}) (13. b6 Bg7 14. d3 O-O 15. Bg5 Bb7 16. Re1 e6 17. dxe6 $13 {1/2-1/2
Ulibin,M-Avrukh,B/Biel 2003}) 13... Qxd6 14. Qf3 Rb8 15. Ba3 Qb6 16. Qf4 e6 (
16... axb5) 17. Qf6 Rg8 18. Bxf8 Rxf8 19. bxa6 $16 {Rossi,C-Balogh,E/Cork 2005}
) 12... bxc4 13. Rb1 Qd6 14. d3 cxd3 15. Qxd3 $36 {1-0 Motylev,A-Parligras,M/
Warsaw 2005 (21)}) 12. Bb3 ({Less accurate is} 12. d3 b5 (12... Bg7 13. Bd2 Qa3
14. Qc2 O-O 15. Rfb1 $5 (15. Rab1 b5 $1 16. Bb3 d6 17. Rfe1 Re8 18. cxb5 axb5
19. Qc6 Bf5 20. Qxb5 Reb8 21. Qc4 Rc8 22. Qb5 Rab8 $17) 15... Qd6 16. Ba5 $6
Bf6 17. Bb6 e6 $13 {Sjugirov,S-Khairullin,I/Kirishi 2005}) 13. Bb3 Bg7 14. Bd2
(14. a4 bxc4 15. Bxc4 d6 16. Re1 Qb7 17. Bg5 f6 18. Rb1 Qc7 19. Bd2 $44 {
Gdanski,J-Dziuba,M/Dzwirzyno 2004}) 14... Qd6 15. Qe1 bxc4 16. Bb4 Qe5 17. dxc4
a5 18. Bxa5 Qxe1 19. Bxe1 d6 $11 {Ulibin,M-Gagunashvili,M/Dubai 2003}) 12...
Bg7 13. a4 {[%cal Gc1a3]} d6 14. Ba3 Qa5 15. Re1 Qd8 (15... Qc7 $6 16. Rc1 O-O
17. c5 Qd8 18. Qf3 Bf5 19. g4 Bd7 20. cxd6 exd6 21. Qg3 $14 {Zhang
Pengxiang-Wang Yue/Tiayuan 2005}) 16. c5 O-O 17. Rc1 Bf6 (17... dxc5 18. Bxc5
Re8 19. a5 (19. Qf3 $5) 19... Bf5 20. Qf3 Qxa5 21. Bxe7 Qxd2 22. d6 $36 {
Svidler,P-Van Wely,L/Monte Carlo 2005}) 18. Qf3 Bg5 $6 {A dubious idea. The
pawn on d4 is too important to leave it unproected.} 19. Qd3 dxc5 $6 ({It
wasn't too late to admit the mistake and get back to f6 with the bishop.} 19...
Bf6 20. cxd6 exd6 21. Qg3 Be5 22. Rxe5 dxe5 23. Qxe5 Re8 24. Qxd4 Bd7 25. Bb2
$44) 20. Bxc5 $16 Qa5 21. Bxe7 Qxd2 22. Rcd1 Qxd3 23. Rxd3 Bf5 $6 ({After
correct} 23... Re8 $1 24. d6 Bxe7 (24... Be6 $2 25. Rxe6 fxe6 26. Bxg5 $18) 25.
Rxe7 Be6 26. Bxe6 fxe6 27. Rxb7 Rab8 $1 (27... e5 $2 28. f4 e4 $140 29. Rxd4 e3
30. Kf1 $18) 28. Rxb8 (28. d7 Red8 29. Rxb8 Rxb8 30. f4 Kf7 31. Rxd4 Ke7 32.
Kf2 Rd8 33. Kf3 Rxd7 34. Rxd7+ Kxd7 35. Ke4 Kd6 $14) 28... Rxb8 29. f4 Kf7 30.
Rxd4 Ke8 $14 {black shouldn't have too many problems to hold an arising
endgame.}) 24. Rxd4 Rfe8 25. d6 Kg7 (25... Bxe7 26. Rxe7 $1 Be6 27. Bxe6 fxe6
28. Rxb7) 26. g4 Bd7 27. Kf1 f6 28. Bd5 $18 {Despite of the material balance
black's position is hopeless since he can do nothing against Rc7.} Rab8 29. Rc4
Bd2 (29... Rbc8 30. Rc7 Rxc7 31. dxc7 Bf4 32. Bxf6+ Kxf6 33. Rxe8 $18) 30. Rc7
$1 Bxe1 31. Rxd7 Bb4 (31... Bc3 32. Bxb7 a5 33. f4 h6 34. Bd5 Kh8 35. Rc7 $18 {
[%cal Gd5f7]}) 32. g5 $1 Rxe7 (32... fxg5 33. Bxg5+ Kf8 (33... Kh8 34. Bf6#)
34. Bh6#) 1-0